000 00639nam a2200181Ia 4500
008 090124s9999 xx 000 0 und d
082 _b118204
100 _aबोरकर वि.ज.
245 _a माती आणि आदेउश ( दोन कादंबऱ्या )
250 _a1
260 _c1979
300 _a154
600 _aबोरकर वि.ज.
630 _a माती आणि आदेउश ( दोन कादंबऱ्या )
700 _aबोरकर वि.ज.
730 _a माती आणि आदेउश ( दोन कादंबऱ्या )
942 _cBOOK
999 _c164291
_d164291